Optical fiber communications / (Record no. 13445)
[ view plain ]
| 000 -LEADER | |
|---|---|
| fixed length control field | 00379cam a2200145ua 4500 |
| 003 - CONTROL NUMBER IDENTIFIER | |
| control field | OSt |
| 008 - FIXED-LENGTH DATA ELEMENTS--GENERAL INFORMATION | |
| fixed length control field | 241231b |||||||| |||| 00| 0 eng d |
| 041 ## - LANGUAGE CODE | |
| Language code of text/sound track or separate title | eng |
| 082 ## - DEWEY DECIMAL CLASSIFICATION NUMBER | |
| Classification number | 621.366 |
| Item number | KEI/OP |
| 100 ## - MAIN ENTRY--AUTHOR NAME | |
| Personal name | Kieser, Gerd . |
| 245 ## - TITLE STATEMENT | |
| Title | Optical fiber communications / |
| 260 ## - PUBLICATION, DISTRIBUTION, ETC. (IMPRINT) | |
| Place of publication | New Delhi : |
| Name of publisher | Tata Mc-Graw Hill Publishing Company , |
| Year of publication | 2009. |
| 300 ## - PHYSICAL DESCRIPTION | |
| Number of Pages | ; . |
| 942 ## - ADDED ENTRY ELEMENTS (KOHA) | |
| Koha item type | Books |
| Withdrawn status | Lost status | Damaged status | Home library | Current library | Date acquired | Full call number | Accession Number | Koha item type | Collection code | Shelving location | Source of acquisition | Cost, normal purchase price |
|---|---|---|---|---|---|---|---|---|---|---|---|---|
| KAUAET | KAUAET | 07/04/2012 | 621.366 KEI/OP | 21944 | Books | |||||||
| KAUAET | KAUAET | 30/03/2013 | 621.366 KEI/OP | 24094 | Books | General Stacks | Aman Book Stall, Calicut | 0.00 |
